书目信息 |
| 题名: |
数学物理中的微分几何与拓朴学
|
|
| 作者: | 汪容 编著 | |
| 分册: | ||
| 出版信息: | 杭州 浙江大学出版社 1998.12 |
|
| 页数: | 260页 | |
| 开本: | 32开 | |
| 丛书名: | ||
| 单 册: | ||
| 中图分类: | O186 | |
| 科图分类: | ||
| 主题词: | 几何 , 拓扑 | |
| 电子资源: | ||
| ISBN: | 7-308-02077-0 | |
| 000 | 00594nam0 2200205 45 | |
| 001 | 0010022267 | |
| 005 | 20001002220231.4 | |
| 010 | @a7-308-02077-0@d9.00元 | |
| 100 | @a20001002d1998 km y0chiy0120 ea | |
| 101 | 0 | @achi |
| 105 | @a z 000yy | |
| 200 | 1 | @a数学物理中的微分几何与拓朴学@AShu Xue Wu Li Zhong De Wei Fen Ji He Yu Tuo Pu Xue@f汪容编著@FWang Rong Bian Zhu |
| 210 | @a杭州@c浙江大学出版社@d1998.12 | |
| 215 | @a260页@d32开 | |
| 606 | 0 | @a几何 |
| 606 | 0 | @a拓扑 |
| 690 | @aO186@v3 | |
| 701 | 0 | @a汪容@4编著 |
| 801 | @aCN@bPftUser@c20001002 | |
| 905 | @b168255-259@dO186@eW.303@f5 | |
| 数学物理中的微分几何与拓朴学/汪容编著.-杭州:浙江大学出版社,1998.12 |
| 260页;32开 |
| ISBN 7-308-02077-0:9.00元 |
| ● |
| 相关链接 |
|
|
|
正题名:数学物理中的微分几何与拓朴学
索取号:O186/W.303
 
预约/预借
| 序号 | 登录号 | 条形码 | 馆藏地/架位号 | 状态 | 备注 |
| 1 | 168255 | 201682553 | 自科二线504/504自科库 49排6列3层/ [索取号:O186/W.303] | 在馆 | |
| 2 | 168256 | 201682562 | 自科二线504/504自科库 49排6列3层/ [索取号:O186/W.303] | 在馆 | |
| 3 | 168257 | 201682571 | 自科二线504/504自科库 49排6列3层/ [索取号:O186/W.303] | 在馆 | |
| 4 | 168258 | 201682580 | 自科二线504/504自科库 48排5列4层/ [索取号:O186/W.303] | 在馆 | |
| 5 | 168259 | 201682599 | 自科二线504/401自科库 48排3列4层/ [索取号:O186/W.303] | 在馆 |